Urban geography
Bewaard in:
| Hoofdauteur: | |
|---|---|
| Formaat: | Boek |
| Taal: | Engels |
| Gepubliceerd in: |
Ishwar books
2019
|
| Tags: |
Voeg label toe
Geen labels, Wees de eerste die dit record labelt!
|
MARC
| LEADER | 00000nam a22000007a 4500 | ||
|---|---|---|---|
| 008 | 230106b |||||||| |||| 00| 0 eng d | ||
| 020 | |a 9789386806376 | ||
| 100 | |a Dhawan Bimal | ||
| 245 | |a Urban geography |c Bimal Dhawan |g vi, 296p. | ||
| 260 | |b Ishwar books |c 2019 |h New Delhi |i 699335 |i 699336 |l HT151 . D53 |m Urban geography. |m Urban geography--New Delhi | ||
| 500 | |a Includes bibliographical references and index | ||
| 942 | |a lcc |c BK |e Adeyeye Y. S. |f 01-06-2023 | ||
| 952 | |0 0 |1 0 |2 lcc |4 0 |6 HT0151 D53 |7 0 |9 4099 |a HOL |b SSL |c GJ |d 2023-01-06 |l 0 |o HT 151. D53 |p 2023-0030 |r 2023-01-06 00:00:00 |w 2023-01-06 |y BK | ||
| 952 | |0 0 |1 0 |2 lcc |4 0 |6 HT0151 D53 |7 0 |9 4100 |a HOL |b SSL |c GJ |d 2023-01-06 |l 0 |o HT 151. D53 |p 2023-0031 |r 2023-01-06 00:00:00 |w 2023-01-06 |y BK | ||
| 999 | |c 2055 |d 2055 | ||